Small Geography Quiz Stats

 Plays Quiz Updated Mar 5, 2012

Also try: Geography Bunker
Challenge
Share
Tweet
Embed
Score 0/18 Timer 05:00
3 Plays Today
Hint Country % Correct
Country of EuropeVatican City
89.7%
Country of South AmericaSuriname
69.9%
Country Ending in 'stan'Tajikistan
61.3%
Country of OceaniaNauru
54.6%
Country of AfricaSeychelles
52.8%
Country of North AmericaSaint Kitts and Nevis
47.5%
Country Bordering ChinaBhutan
42.4%
Country of AsiaMaldives
41.2%
Country with an 'x' in its NameLuxembourg
39.8%
Hint Country % Correct
Former Soviet RepublicArmenia
39.1%
Permanent Member of the UN Security CouncilUnited Kingdom
35.8%
Member of OPECQatar
34.7%
4-Letter CountryFiji
34.7%
Country to have Won the FIFA World CupUruguay
32.6%
EU MemberMalta
28.2%
Country Beginning with a VowelAntigua and Barbuda
25.2%
Country Ending in 's'Marshall Islands
21.5%
Country That Lies on the Prime MeridianTogo
17.5%

You're not logged in!

Compare scores with friends on all Sporcle quizzes.
Join for Free
OR
Log In

You Might Also Like...

Show Comments

Extras

Top Quizzes Today


Score Distribution

Your Account Isn't Verified!

In order to create a playlist on Sporcle, you need to verify the email address you used during registration. Go to your Sporcle Settings to finish the process.

Report this User

Report this user for behavior that violates our Community Guidelines.

Details: